Name the Nicktoons Show Quiz Stats

 Plays Quiz Updated Apr 17, 2012

Challenge
Share
Tweet
Score 0/35 Timer 08:00
4 Plays Today
Row Nicktoons' TV Show % Correct
Row 3 AcrossRugrats
95.9%
Row 1 AcrossCatDog
93.4%
Row 4 AcrossSpongeBob SquarePants
92.9%
Row 3 AcrossHey Arnold!
89.5%
Row 1 AcrossThe Fairly OddParents
89.1%
Row 2 AcrossThe Adventures of Jimmy Neutron: Boy Genius
87.4%
Row 1 AcrossDoug
85.7%
Row 3 AcrossAvatar: The Last Airbender
73.7%
Row 2 AcrossThe Ren & Stimpy Show
72.9%
Row 2 AcrossThe Wild Thornberrys
71.1%
Row 4 AcrossAll Grown Up!
67.8%
Row 2 AcrossThe Penguins of Madagascar
64%
Row 1 AcrossRocket Power
63.3%
Row 5 AcrossThe Angry Beavers
59.7%
Row 5 AcrossRocko's Modern Life
58.3%
Row 1 AcrossAaahh!!! Real Monsters
54.7%
Row 4 AcrossInvader Zim
51.2%
Row 5 AcrossDanny Phantom
50.7%
Row Nicktoons' TV Show % Correct
Row 3 AcrossAs Told by Ginger
43.6%
Row 1 AcrossBack at the Barnyard
43.5%
Row 1 AcrossMy Life as a Teenage Robot
33.4%
Row 4 AcrossPlanet Sheen
33.3%
Row 2 AcrossChalkZone
32.1%
Row 5 AcrossFanboy and Chum Chum
21.1%
Row 4 AcrossTak and the Power of Juju
20.8%
Row 3 AcrossKaBlam!
19.9%
Row 2 AcrossEl Tigre: The Adventures of Manny Rivera
19.7%
Row 5 AcrossThe Mighty B!
15.9%
Row 4 AcrossT.U.F.F. Puppy
15.2%
Row 3 AcrossCatscratch
11.6%
Row 4 AcrossMr. Meaty
10.1%
Row 2 AcrossThe X's
6.7%
Row 5 AcrossOh Yeah! Cartoons
6.2%
Row 3 AcrossWayside
5.5%
Row 5 AcrossPelswick
4.7%

You're not logged in!

Compare scores with friends on all Sporcle quizzes.
Join for Free
OR
Log In

You Might Also Like...

Show Comments

Extras

Top Quizzes Today


Score Distribution

Your Account Isn't Verified!

In order to create a playlist on Sporcle, you need to verify the email address you used during registration. Go to your Sporcle Settings to finish the process.

Report this User

Report this user for behavior that violates our Community Guidelines.

Details: